000 00706nam a22002297a 4500
005 20170124110032.0
010 _aA-999274
020 _c150.00
_a8120315073
035 _aA-999274
037 _bCen Lib/Ret
040 _aDPL
_bEN
082 _a371.4
_bDOR
100 _aDorio, Marc
_921971
245 _aThe complete idiot's guide to getting the job you want /
_cby Marc Dorio
260 _aNew Delhi
_bPrentice Hall of India
_c1998
270 _aM-97, connaught circus
_bNew Delhi
_e110001
300 _axxi, 346p. ;
_c21cm(Hb)
_bill.
500 _aincludes index
650 _aJob opportunity
_vGuide
_921972
650 _aCareer
_921973
942 _2ddc
_cEN
_h371.4
_mDOR
999 _c127940
_d127940